| 000 | 00869nam a22002177a 4500 | ||
|---|---|---|---|
| 005 | 20220816132924.0 | ||
| 008 | 220816s2011 mx a|||f |||| 00| 0 spa d | ||
| 040 |
_cCHAP _erda |
||
| 082 |
_a378.1017252 _bP34 _222 |
||
| 100 | 0 |
_986804 _aPeña Lomelí, Aureliano |
|
| 245 |
_aCuarto informe de labores periodo agosto de 2010 a mayo de 2011 : _bbalance integral de resultados periodo mayo de 2007 a mayo de 2011 / _cpor Aureliano Peña Lomelí. |
||
| 246 | _aBalance de integral de resultados periodo mayo de 2007 a mayo de 2011. | ||
| 264 |
_aChapingo, México : _bUACH : _bUPOM : _c2007, |
||
| 300 |
_a117 páginas : _bfiguras, tablas, imágenes. |
||
| 336 |
_atexto _btxt _2rdacontenido |
||
| 337 |
_asinmedio _bn _2rdamedia |
||
| 338 |
_avolumen _bnc _2rdacarrier |
||
| 650 | 7 |
_9115801 _aUACH _xAdministración |
|
| 650 | 2 |
_9128937 _aUACH _vInformes |
|
| 942 |
_2ddc _cLIBRO |
||
| 999 |
_c217602 _d217602 |
||